A new science of politics (Record no. 37393)
[ view plain ]
| 000 -LEADER | |
|---|---|
| fixed length control field | 01385nam a2200337 a 4500 |
| 100 1# - MAIN ENTRY--AUTHOR NAME | |
| Personal name | Kelsen, Hans. |
| 245 12 - TITLE STATEMENT | |
| Title | A new science of politics |
| 260 ## - PUBLICATION, DISTRIBUTION, ETC. (IMPRINT) | |
| Place of publication | Frankfurt : |
| Name of publisher | Ontos Verlag, |
| Year of publication | 2004. |
| 300 ## - PHYSICAL DESCRIPTION | |
| Number of Pages | 137 p. |
| 490 1# - SERIES STATEMENT | |
| Series statement | Practical philosophy ; |
| 650 #0 - SUBJECT ADDED ENTRY--TOPICAL TERM | |
| Topical Term | Political science. |
| 700 1# - ADDED ENTRY--PERSONAL NAME | |
| Personal name | Arnold, Eckhart. |
| 856 40 - ELECTRONIC LOCATION AND ACCESS | |
| Uniform Resource Identifier | http://site.ebrary.com/lib/rucke/Doc?id=10728855 |
No items available.
